00415nam a2200145Ia 4500100001700000942000700017654001300024245003800037260003900075082002000114300000800134546001200142999001700154952009800171 aMaso/ Brian  cBK aComputer aVisual J++ 6 from the ground up bTata Mc Graw hillaNew Delhic1999 a005.133'J'bMAS a800 aENGLISH c29358d29358 001040708CRCaCRCEbCRCEd2023-03-17l0o005.133'J' MASp11360r2023-03-17w2023-03-17yBK